01204 2200361 4500001002100000005001500021035002000036007000300056008004100059020002200100040002200122082001700144084001900161090002300180090002200203100003300225245012700258250004000385300005900425500001100484650004400495700003200539700004500571700002700616850001200643504003300655264003600688336002100724337003000745338002300775999002200798990002200820INLIS00000000085764720210323091738 a0010-0321000670ta210323t2019 yoia g 1 ind d a978-623-228-178-3 aYOPDYOGbindcrda04223a658.4038 a658.4038 SIT a aDEP 658.4038 SIT a aCB-D.11 2019-36150 aSiti Masripahd1983epenulis10aAnalisa perancangan sistem informasi akuntansi /cpenulis, Siti Masripah, Nur Hidayati, Nurfia Oktaviani Syamsiah, Haryani aEdisi pertama; Cetakan pertama 2019 axiii, 166 halaman :bilustrasi, gambar, tabel ;c24 cm aindeks 4aSistem Informasi--xManajemen Akuntansi0 aNur Hidayatid1977epenulis0 aNurfia Oktaviani Syamsiahd1985epenulis0 aHaryanid1981epenulis aYOPDYOG aBibliografi: halaman 157-15831aYogyakarta :bGraha Ilmu,c2019 2rdacontentateks 2rdamediaatanpa perantara 2rdacarrieravolume aCB-D.11/2019-3615 aCB-D.11/2019-3615